000 02020cas a2200445 a 4500
001 prisma20925
005 20210818181256.0
008 800828d19801985fr qr p o 0 b0fre c
010 _a 82646640
_zsn 82021284
012 _a-3-7-1212020767-p-----
015 _a014731428
_2dnb
016 7 _a863948--6
_2DE-600
016 7 _a009830089
_2Uk
016 7 _a014731428
_2DE-101
016 7 _a8639486
_2DE-600
022 _a0245-4181
_l0245-4181
_2z
035 _a(OCoLC)ocm06664808
037 _b35, rue des Jeuneurs, 75002 Paris
042 _apcc
043 _acl-----
050 0 0 _aF1401
_b.A575
082 0 4 _a980/.005
_219
130 0 _aAmérique latine (Centre de recherche sur l'Amérique latine et le tiers monde (Paris, France))
210 0 _aAm. lat.
_b(Paris. 1980)
222 0 _aAmérique latine
_b(Paris. 1980)
245 1 0 _aAmérique latine.
260 _a[Paris]
_bCentre de recherche sur l'Amérique latine et le tiers-monde
_c[1980?-1985]
300 _a24 v.
_bill.
_c30 cm.
310 _aQuarterly
362 0 _aNo 1 (janv.-mars 1980)-no 24 (oct.-déc. 1985).
590 _aSERBIB/SERLOC merged record
651 0 _aLatin America
_vPeriodicals.
651 6 _aAmérique latine
_vPériodiques.
710 2 _aCentre de recherche sur l'Amérique latine et le Tiers Monde (Paris, France)
776 0 8 _iOnline version
_tAmérique latine (Centre de recherche sur l'Amérique latine et le tiers monde (Paris, France))
_w(OCoLC)656842148
856 _uhttp://gateway.proquest.com/openurl?url_ver=Z39.88-2004&res_dat=xri:pqm&rft_val_fmt=info:ofi/fmt:kev:mtx:journal&genre=journal&req_dat=xri:pqil:pq_clntid=174072&svc_dat=xri:pqil:context=title&rft_dat=xri:pqd:PMID=20925
_zAcceder
890 _aAmerique latine (Centre de recherche sur L'Amerique l;atine et le tiers monde (Paris, France) Paris.
_i82-646640
942 _hF1401
999 _c9460
_d9460